00620nam a2200193Ia 450000500170000000800410001702000150005805000220007310000300009524500800012526000300020530000290023544000060026452100070027052600080027794200120028599900170029795201120031420140402110422.0140130s9999 xx 000 0 und d a0590453165 aF 12 b.H521 1976 aHenry, Marguerite 931388 cMarguerite Henry.aKing of the wind :bthe story of the Godolphin Arabian / bScholastic,c1976.aUSA : a192 p. :bill. ;c19 cm. v1 aG6 c830 cBK2lcc c41200d41200 00102lcc40aMUbMUcSCHOd2014-01-30l0oF 12 .H521 1976pMS0710r2014-01-30 00:00:00t1w2014-03-11yBK